[Event "SR 4. liga A21 2010/2011"]
[Site "?"]
[Date "2010.11.21"]
[Round "4.3"]
[White "Kubis, Ivan"]
[Black "Nemsak, Denis"]
[Result "1-0"]
[WhiteElo "1980"]
[BlackElo "1791"]
[PlyCount "68"]
[EventDate "2010.??.??"]

1. e4 d5 2. exd5 Nf6 3. d4 Nxd5 4. c4 Nb6 5. Nf3 g6 6. Nc3 Bg7 7. h3 O-O 8. Be3
Nc6 9. Be2 e5 10. d5 Ne7 11. g4 f5 12. Rg1 Kh8 13. Qd2 c6 14. d6 Ng8 15. O-O-O
Be6 16. b3 f4 17. Bc5 Nd7 18. Ba3 Qa5 19. Bb2 a6 20. Ng5 Bf7 21. Nce4 Qxa2 22.
Kc2 f3 23. Ra1 Qxa1 24. Rxa1 fxe2 25. Qxe2 Nh6 26. Nxf7+ Nxf7 27. g5 Nd8 28.
Qg4 Rf5 29. Rf1 b5 30. Ng3 Rf7 31. f4 Nb7 32. fxe5 Rxf1 33. Nxf1 Nxe5 34. Qe6
Nf7 1-0

[Event "SR 4. liga A21 2010/2011"]
[Site "?"]
[Date "2010.11.21"]
[Round "4.3"]
[White "Matejovic, Ludovit"]
[Black "Vach, Jozef"]
[Result "0-1"]
[WhiteElo "1610"]
[BlackElo "1900"]
[PlyCount "78"]
[EventDate "2010.??.??"]

1. e4 e5 2. Nf3 Nc6 3. Bc4 Be7 4. c3 d6 5. d4 Nf6 6. Qd3 O-O 7. O-O Bg4 8. h3
Bxf3 9. Qxf3 exd4 10. Rd1 Ne5 11. Qe2 Nxc4 12. Qxc4 dxc3 13. Nxc3 c6 14. e5 d5
15. Qb3 Nd7 16. Qxb7 Qc8 17. Qxc8 Rfxc8 18. Re1 Nc5 19. b3 Ne6 20. Ne2 c5 21.
Nf4 Rd8 22. Nxe6 fxe6 23. Ba3 Rac8 24. Rac1 d4 25. Rc4 Kf7 26. g3 Rc6 27. Ra4
a6 28. Rc1 Rd5 29. f4 g6 30. h4 h6 31. Kf2 Ke8 32. Ra5 c4 33. Rxd5 exd5 34.
Bxe7 Kxe7 35. bxc4 dxc4 36. Kf3 Ke6 37. Ke4 d3 38. Kd4 d2 39. Rb1 c3 0-1

[Event "SR 4. liga A21 2010/2011"]
[Site "?"]
[Date "2010.11.21"]
[Round "4.3"]
[White "Planka, Peter"]
[Black "Nedorost, Lubomir"]
[Result "0-1"]
[WhiteElo "1798"]
[BlackElo "1601"]
[PlyCount "108"]
[EventDate "2010.??.??"]

1. e4 e6 2. d4 d5 3. Nc3 c5 4. exd5 exd5 5. dxc5 Nf6 6. Bb5+ Nc6 7. b4 a5 8.
Ba3 Bd7 9. Bxc6 bxc6 10. Nf3 Bg4 11. h3 Bh5 12. Qd3 Bg6 13. Qd2 Rb8 14. Rb1 Ne4
15. Nxe4 Bxe4 16. O-O axb4 17. Rxb4 Be7 18. Nd4 Rxb4 19. Bxb4 Qd7 20. Re1 O-O
21. Qe2 Bf6 22. c3 Qb7 23. a3 h6 24. Qg4 Re8 25. Nf5 Kf8 26. Nd6 Qe7 27. Nxe8
Qxe8 28. Qe2 Qd8 29. Qa6 Qc7 30. Ba5 Qb8 31. Qxc6 Kg8 32. f3 Qg3 33. Rxe4 dxe4
34. Qe8+ Kh7 35. Qxe4+ Kg8 36. Qe8+ Kh7 37. Qe4+ Kg8 38. f4 Bh4 39. Qe8+ Kh7
40. Qe4+ g6 41. Qf3 Qe1+ 42. Kh2 Bf2 43. Qxf2 Qxf2 44. c6 Qxf4+ 45. Kh1 Qc1+
46. Kh2 Qxa3 47. c7 Qc5 48. Kg3 Kg7 49. Kf3 f5 50. Ke2 Kf7 51. Kd3 Ke6 52. Bb6
Qd6+ 53. Kc4 Kd7 54. Kb5 Qc6+ 0-1

[Event "SR 4. liga A21 2010/2011"]
[Site "?"]
[Date "2010.11.21"]
[Round "4.3"]
[White "Sedlak, Rastislav"]
[Black "Danihel, Jozef"]
[Result "1/2-1/2"]
[WhiteElo "1560"]
[BlackElo "1552"]
[PlyCount "48"]
[EventDate "2010.??.??"]

1. e4 c5 2. Ne2 e5 3. d3 Nf6 4. Bg5 Be7 5. c4 Nc6 6. Nbc3 d6 7. g3 h6 8. Bxf6
Bxf6 9. Nd5 Be6 10. Nec3 Bxd5 11. Nxd5 Qa5+ 12. Qd2 Qxd2+ 13. Kxd2 Bd8 14. f4
Ne7 15. Nxe7 Bxe7 16. fxe5 dxe5 17. h4 O-O-O 18. Bh3+ Kc7 19. Kc3 Rd6 20. Rhf1
f6 21. Bf5 Rhd8 22. Rf3 b6 23. h5 Rd4 24. a4 a5 1/2-1/2

[Event "SR 4. liga A21 2010/2011"]
[Site "?"]
[Date "2010.11.21"]
[Round "4.4"]
[White "Adamec, Jozef"]
[Black "Kupkovic, Miroslav"]
[Result "0-1"]
[WhiteElo "1444"]
[BlackElo "1818"]
[PlyCount "118"]
[EventDate "2010.??.??"]

1. e4 d5 2. e5 Bf5 3. d4 e6 4. Nd2 c5 5. c3 cxd4 6. cxd4 a6 7. a3 f6 8. f4 fxe5
9. fxe5 Qh4+ 10. g3 Qxd4 11. Ngf3 Qe3+ 12. Qe2 Qxe2+ 13. Bxe2 Bc5 14. Nb3 Bb6
15. Nfd4 Nc6 16. Nxc6 bxc6 17. Rf1 Bc2 18. Nd2 Ne7 19. Nf3 h6 20. b4 O-O 21.
Kd2 Ba4 22. Bb2 Nf5 23. Bd3 Ne3 24. Nd4 Nxf1+ 25. Rxf1 Rxf1 26. Bxf1 Bxd4 27.
Bxd4 Bb5 28. Bh3 Kf7 29. Ke3 a5 30. Bc5 axb4 31. Bxb4 g5 32. Bg4 Rh8 33. Bh5+
Kg7 34. Kd4 Ba4 35. Kc3 Rc8 36. Kd4 Bc2 37. Be2 Kg6 38. Bc5 Rc7 39. Kc3 Be4 40.
Kd4 Rf7 41. Ke3 Rb7 42. Bb4 Kf5 43. Kd4 c5+ 44. Kxc5 Kxe5 45. Bc3+ Kf5 46. Kd6
Rb3 47. g4+ Kg6 48. Be5 Rxa3 49. Kxe6 Ra2 50. Bd1 Rd2 51. Ba4 d4 52. Be8+ Kh7
53. Bg3 Bf3 54. Kf6 Bxg4 55. Bg6+ Kh8 56. Kf7 Re2 57. Bd3 Re3 58. Bg6 d3 59.
Bf2 Rf3+ 0-1

[Event "SR 4. liga A21 2010/2011"]
[Site "?"]
[Date "2010.11.21"]
[Round "4.4"]
[White "Dedacek, Miroslav"]
[Black "Piestansky, Jan"]
[Result "1/2-1/2"]
[WhiteElo "1595"]
[BlackElo "1587"]
[PlyCount "101"]
[EventDate "2010.??.??"]

1. e4 e5 2. Nf3 d6 3. Bc4 Nf6 4. d3 h6 5. h3 Be7 6. Be3 a6 7. Nbd2 Nc6 8. a3
O-O 9. O-O Be6 10. Bxe6 fxe6 11. Nb3 b6 12. Nh2 Qe8 13. Ng4 Qg6 14. Nxf6+ Rxf6
15. Qd2 Na7 16. f4 exf4 17. Rxf4 Rxf4 18. Bxf4 Rf8 19. Rf1 e5 20. Be3 Rxf1+ 21.
Kxf1 Qf7+ 22. Qf2 Qxf2+ 23. Kxf2 Kf7 24. Nd2 Nc8 25. Nf3 g5 26. Kg3 Kg6 27. h4
gxh4+ 28. Nxh4+ Bxh4+ 29. Kxh4 c5 30. g4 b5 31. c3 a5 32. d4 cxd4 33. cxd4 exd4
34. Bxd4 a4 35. Kg3 h5 36. gxh5+ Kxh5 37. Kf4 Kg6 38. e5 Kf7 39. exd6 Nxd6 40.
Ke5 Nb7 41. Kd5 Na5 42. Bc3 Nb3 43. Kc6 Ke6 44. Kxb5 Kd5 45. Kxa4 Kc4 46. Bb4
Nd4 47. b3+ Nxb3 48. Be7 Nd4 49. Bb4 Nc2 50. Ka5 Nxa3 51. Bxa3 1/2-1/2

[Event "SR 4. liga A21 2010/2011"]
[Site "?"]
[Date "2010.11.21"]
[Round "4.4"]
[White "Kicinja, Jan"]
[Black "Slaby, Jozef"]
[Result "1/2-1/2"]
[WhiteElo "1808"]
[BlackElo "1865"]
[PlyCount "86"]
[EventDate "2010.??.??"]

1. d4 d5 2. c4 e6 3. Nc3 Nf6 4. Nf3 h6 5. Bf4 a6 6. c5 Bd7 7. e3 Nc6 8. a3 Be7
9. h3 b5 10. cxb6 cxb6 11. b4 O-O 12. Qb3 Be8 13. Bd3 Bd6 14. Bxd6 Qxd6 15. O-O
Bd7 16. Na4 Ne7 17. Nc3 Rfc8 18. Ne5 Bc6 19. b5 axb5 20. Bxb5 Bb7 21. Rfc1 Ne4
22. Na4 Rxc1+ 23. Rxc1 Rc8 24. Rc2 Rxc2 25. Qxc2 Qd8 26. Bd3 Nf6 27. Qb1 Nc8
28. Qc2 Nd6 29. Qb2 Nc8 30. Nc3 Nd7 31. Nxd7 Qxd7 32. Na4 Qc7 33. Qc3 Qxc3 34.
Nxc3 Kf8 35. Kf1 Ke7 36. Ke2 Bc6 37. f3 Kd6 38. e4 dxe4 39. fxe4 f6 40. Bc4 Ne7
41. g3 g5 42. Ke3 e5 43. d5 Bd7 1/2-1/2

[Event "SR 4. liga A21 2010/2011"]
[Site "?"]
[Date "2010.11.21"]
[Round "4.4"]
[White "Pripko, Bystrik"]
[Black "Florek, Jozef"]
[Result "1-0"]
[WhiteElo "1607"]
[BlackElo "1533"]
[PlyCount "53"]
[EventDate "2010.??.??"]

1. e4 c5 2. Nf3 Nc6 3. Nc3 e5 4. Bc4 Nf6 5. a3 h6 6. d3 a6 7. h3 d6 8. O-O b5
9. Ba2 Nh7 10. Nh2 Be6 11. Nd5 Nf6 12. f4 Bxd5 13. exd5 Ne7 14. fxe5 dxe5 15.
Qe2 Ng6 16. Nf3 Bd6 17. Nd2 O-O 18. Ne4 Nh7 19. c4 f5 20. Nxd6 Qxd6 21. Bd2
Rae8 22. b4 Rf7 23. Qe3 Rc8 24. bxc5 Qxc5 25. Qxc5 Rxc5 26. Bb4 Rcc7 27. d6 1-0

[Event "SR 4. liga A21 2010/2011"]
[Site "?"]
[Date "2010.11.21"]
[Round "4.4"]
[White "Slaby, Marian"]
[Black "Kurinec, Jozef"]
[Result "1/2-1/2"]
[WhiteElo "1855"]
[BlackElo "1837"]
[PlyCount "63"]
[EventDate "2010.??.??"]

1. d4 Nf6 2. c4 d5 3. Nc3 Bf5 4. e3 e6 5. Nf3 h6 6. Bd3 Bxd3 7. Qxd3 Be7 8.
cxd5 exd5 9. Qb5+ Qd7 10. Qxb7 O-O 11. Ne5 Qd6 12. Nf3 Qc6 13. Qb3 Nbd7 14. O-O
Rab8 15. Qd1 Qe6 16. a3 Bd6 17. b4 Nb6 18. Na4 Nc4 19. Nb2 Nxb2 20. Bxb2 a5 21.
Bc3 axb4 22. axb4 Ne4 23. Bd2 Nxd2 24. Qxd2 Rxb4 25. Rfb1 c5 26. dxc5 Rxb1+ 27.
Rxb1 Bxc5 28. Rd1 Rd8 29. Qc2 Rc8 30. Qb3 Be7 31. h3 Rd8 32. Qb7 1/2-1/2

[Event "SR 4. liga A21 2010/2011"]
[Site "?"]
[Date "2010.11.21"]
[Round "4.5"]
[White "Davidik, Miroslav"]
[Black "Damborsky, Pavol"]
[Result "0-1"]
[WhiteElo "1479"]
[BlackElo "1649"]
[PlyCount "100"]
[EventDate "2010.??.??"]

1. c4 c5 2. Nc3 Nf6 3. e4 e5 4. Nf3 d6 5. h3 h6 6. d3 Nc6 7. a3 Be7 8. Be2 a6
9. O-O O-O 10. Re1 Be6 11. Nd5 Bxd5 12. exd5 Na7 13. b3 Nc8 14. Bd2 Nh7 15. Qc1
f5 16. Bd1 Bf6 17. Rb1 f4 18. Bc3 Ng5 19. a4 a5 20. Qd2 b6 21. Nxg5 Bxg5 22.
Bf3 Ne7 23. Qe2 Nf5 24. Qe4 Qf6 25. Qe2 Nh4 26. Qe4 Ra7 27. Bg4 f3 28. Be6+ Kh8
29. g3 Nf5 30. Qxf3 Qg6 31. Qg4 h5 32. Bxf5 Rxf5 33. Qe2 Raf7 34. Rf1 Rf3 35.
Rbd1 h4 36. Kg2 Qf6 37. Bd2 Bxd2 38. Rxd2 hxg3 39. Qe4 Rxf2+ 40. Rfxf2 gxf2 41.
Kf1 Qh6 42. Rxf2 Qxh3+ 43. Ke2 Rxf2+ 44. Kxf2 Qh6 45. Kg3 Qg5+ 46. Kh3 g6 47.
Qf3 Qf5+ 48. Qg4 Qxg4+ 49. Kxg4 Kg7 50. Kg5 Kf7 0-1

[Event "SR 4. liga A21 2010/2011"]
[Site "?"]
[Date "2010.11.21"]
[Round "4.5"]
[White "Dubecky, Ladislav"]
[Black "Pagac, Robert"]
[Result "1-0"]
[WhiteElo "1551"]
[BlackElo "1818"]
[PlyCount "71"]
[EventDate "2010.??.??"]

1. e4 e5 2. f4 exf4 3. Nf3 d6 4. d4 Nc6 5. Bc4 h6 6. O-O Bg4 7. Bxf4 Nf6 8. Nc3
Be7 9. Qd2 a6 10. a4 Qd7 11. Rae1 Nh5 12. Nd5 O-O-O 13. Nxe7+ Qxe7 14. h3 Bd7
15. Bh2 g5 16. b3 f6 17. c3 Qh7 18. Qe2 Nb8 19. Nd2 Qg6 20. Bd3 Qe8 21. g4 Ng7
22. Rxf6 h5 23. e5 hxg4 24. hxg4 dxe5 25. Bxe5 Bc6 26. Be4 Bxe4 27. Nxe4 Nd7
28. Rxa6 Rh7 29. Ra8+ Nb8 30. Nf6 Rh1+ 31. Kxh1 Qc6+ 32. Ne4 b6 33. Qc4 Rh8+
34. Kg1 Qd7 35. Nf6 Qe7 36. Qa6+ 1-0

[Event "SR 4. liga A21 2010/2011"]
[Site "?"]
[Date "2010.11.21"]
[Round "4.5"]
[White "Kovarik, Oto"]
[Black "Vepy, Ivan"]
[Result "1-0"]
[WhiteElo "2025"]
[BlackElo "1935"]
[PlyCount "109"]
[EventDate "2010.??.??"]

1. e4 e5 2. Nf3 Nc6 3. Bb5 d6 4. d4 Bd7 5. O-O Nf6 6. Re1 Be7 7. c3 O-O 8. a4
h6 9. Na3 Nh7 10. Nc2 f5 11. exf5 exd4 12. Bxc6 Bxc6 13. Ncxd4 Qd7 14. b4 Bd5
15. Qd3 Rf6 16. c4 Bxf3 17. Qxf3 c6 18. Ne6 Nf8 19. Bb2 Rf7 20. Rad1 Bf6 21.
Bxf6 Rxf6 22. Qg4 Qf7 23. Rxd6 Re8 24. Red1 Rxf5 25. Nd8 Rf4 26. Nxf7 Rxg4 27.
Nd8 Rxc4 28. Nxb7 Rb8 29. Na5 Rc2 30. Nxc6 Rb7 31. b5 Kh7 32. g3 Ng6 33. Rd7
Rxd7 34. Rxd7 a6 35. Rd5 axb5 36. axb5 Rb2 37. h4 Nf8 38. Nd8 Ng6 39. Nc6 Nf8
40. Nd4 Kg6 41. Rd6+ Kf7 42. b6 Ke8 43. Nf5 Kf7 44. h5 Ne6 45. Kg2 Rb5 46. g4
Rb4 47. Ne3 Ke7 48. Nd5+ Kxd6 49. Nxb4 Nd8 50. Kf3 Kc5 51. Nd3+ Kxb6 52. Ke4
Kc6 53. Kf5 Kd6 54. Kg6 Ne6 55. f4 1-0

[Event "SR 4. liga A21 2010/2011"]
[Site "?"]
[Date "2010.11.21"]
[Round "4.5"]
[White "Pisecky, Jan"]
[Black "Baumgartner, Milan"]
[Result "1-0"]
[WhiteElo "1529"]
[BlackElo "1588"]
[PlyCount "83"]
[EventDate "2010.??.??"]

1. e4 e5 2. Nf3 Nc6 3. Bc4 Bc5 4. Nc3 h6 5. a3 d6 6. d3 Bg4 7. h3 Bh5 8. g4 Bg6
9. Na4 Bb6 10. c3 Nf6 11. Nxb6 axb6 12. Nh4 Ne7 13. f4 Nd7 14. Nf3 f6 15. Qb3
Rf8 16. f5 Bf7 17. Bxf7+ Rxf7 18. Nh4 Nc5 19. Qd1 c6 20. Be3 Na4 21. Qd2 d5 22.
b3 d4 23. bxa4 dxe3 24. Qxe3 Rxa4 25. Rh2 Nc8 26. Rb2 Rd7 27. d4 exd4 28. cxd4
Raxd4 29. e5 fxe5 30. Nf3 Rd3 31. Qe4 R7d5 32. Re2 Nd6 33. Qxe5+ Rxe5 34. Nxe5
Qc7 35. Nxd3+ Kf8 36. Ne5 Nc8 37. Rd1 Ne7 38. Rd7 Qxd7 39. Nxd7+ Ke8 40. Nxb6
Kf7 41. Nd7 Nd5 42. Rb2 1-0

[Event "SR 4. liga A21 2010/2011"]
[Site "?"]
[Date "2010.11.21"]
[Round "4.5"]
[White "Vogl, Zdenek"]
[Black "Cerovsky, Marian"]
[Result "1-0"]
[WhiteElo "1863"]
[BlackElo "1783"]
[PlyCount "80"]
[EventDate "2010.??.??"]

1. e4 e5 2. Nf3 Nc6 3. Bb5 a6 4. Ba4 b5 5. Bb3 Bc5 6. O-O Nf6 7. d3 O-O 8. Bg5
h6 9. Bh4 d6 10. Nc3 g5 11. Nxg5 hxg5 12. Bxg5 Be6 13. Nd5 Bxd5 14. Bxd5 Kg7
15. Bxc6 Rb8 16. Qf3 Rh8 17. c3 Rh7 18. b4 Ba7 19. a4 bxa4 20. Rxa4 Rb6 21. Bd5
c6 22. Bc4 d5 23. Bxf6+ Qxf6 24. Qxf6+ Kxf6 25. exd5 cxd5 26. Bxd5 Bb8 27. g3
Kg7 28. Rfa1 Rbh6 29. h4 f5 30. Rxa6 f4 31. Rxh6 Rxh6 32. Be4 Rh8 33. Ra8 Kf7
34. c4 Ke7 35. Kg2 Kd6 36. c5+ Kc7 37. b5 Rf8 38. b6+ Kc8 39. g4 Rd8 40. c6 Rd6
1-0

[Event "SR 4. liga A21 2010/2011"]
[Site "?"]
[Date "2010.11.21"]
[Round "4.6"]
[White "Bango, Dominik"]
[Black "Beran, Jan st"]
[Result "1/2-1/2"]
[WhiteElo "1258"]
[BlackElo "1720"]
[PlyCount "58"]
[EventDate "2010.??.??"]

1. e4 e5 2. Nf3 d6 3. Nc3 Nf6 4. h3 Be7 5. Bc4 O-O 6. O-O a6 7. a3 Nc6 8. d3
Be6 9. Ba2 Bxa2 10. Nxa2 d5 11. Re1 dxe4 12. dxe4 Qxd1 13. Rxd1 Nxe4 14. Re1
Nf6 15. Nxe5 Nxe5 16. Rxe5 Bd6 17. Re1 h6 18. Bd2 Rfe8 19. Bc3 Nd5 20. Rad1
Nxc3 21. Nxc3 Be5 22. Rd3 Bh2+ 23. Kf1 Rxe1+ 24. Kxe1 Be5 25. Re3 Bd4 26. Rd3
Re8+ 27. Kf1 Bxc3 28. Rxc3 c6 29. Re3 Rxe3 1/2-1/2

[Event "SR 4. liga A21 2010/2011"]
[Site "?"]
[Date "2010.11.21"]
[Round "4.6"]
[White "Beran, Jan ml"]
[Black "Gajarsky, Jakub"]
[Result "1-0"]
[WhiteElo "1896"]
[BlackElo "1568"]
[PlyCount "129"]
[EventDate "2010.??.??"]

1. e4 c5 2. Nf3 d6 3. d4 cxd4 4. Nxd4 Nf6 5. f3 a6 6. Be3 e6 7. Qd2 Be7 8. Nc3
Nbd7 9. Nb3 Qc7 10. O-O-O b5 11. Kb1 Bb7 12. Bxb5 axb5 13. Nxb5 Qb8 14. Nxd6+
Bxd6 15. Qxd6 Qxd6 16. Rxd6 O-O 17. Rhd1 Ne5 18. Bg5 Rfc8 19. Rb6 Bc6 20. Rb4
Be8 21. Rbd4 h6 22. Bf4 Nc6 23. R4d2 e5 24. Be3 Kh7 25. g4 Ng8 26. h4 Nge7 27.
h5 f6 28. Nc5 Bf7 29. b3 Kg8 30. Na4 Kf8 31. Nb6 Rab8 32. Nxc8 Rxc8 33. c3 Ke8
34. Kb2 Rb8 35. Kc2 Na5 36. Bb6 Nec6 37. Bxa5 Nxa5 38. Kd3 Rd8+ 39. Ke3 Rb8 40.
Kf2 Be6 41. Kg3 Ke7 42. f4 exf4+ 43. Kxf4 Nc6 44. Rg1 Ne5 45. Rg3 Ra8 46. c4
Ra3 47. Rc2 Bd7 48. Rcg2 Be6 49. Rc3 Bxc4 50. Rxc4 Nxc4 51. bxc4 Rc3 52. Rb2
Rxc4 53. Rb7+ Kf8 54. Ra7 Rc1 55. a4 Rf1+ 56. Ke3 Rg1 57. a5 Rxg4 58. a6 Rg3+
59. Kf4 Ra3 60. Kf5 Ra5+ 61. Kg6 Rg5+ 62. Kh7 Ra5 63. Ra8+ Kf7 64. a7 Ra6 65.
Rg8 1-0

[Event "SR 4. liga A21 2010/2011"]
[Site "?"]
[Date "2010.11.21"]
[Round "4.6"]
[White "Jablonicky, Boris"]
[Black "Tokos, Rastislav"]
[Result "1/2-1/2"]
[WhiteElo "1745"]
[BlackElo "1933"]
[PlyCount "54"]
[EventDate "2010.??.??"]

1. c4 Nf6 2. Nc3 Nc6 3. g3 d6 4. Bg2 e5 5. d3 Be6 6. Nf3 h6 7. O-O Qd7 8. Re1
Be7 9. a3 Nh7 10. b4 Ng5 11. Bd2 Bg4 12. Na2 Nxf3+ 13. exf3 Bh5 14. Be3 O-O 15.
Qd2 Bg6 16. f4 exf4 17. Bxf4 Bf6 18. Rab1 Rae8 19. Be3 a6 20. b5 axb5 21. cxb5
Nd8 22. Rec1 Re5 23. a4 b6 24. Rb4 Re7 25. Rbc4 Ne6 26. d4 Bf5 27. Nb4 Rc8
1/2-1/2

[Event "SR 4. liga A21 2010/2011"]
[Site "?"]
[Date "2010.11.21"]
[Round "4.6"]
[White "Mackovic, Matus"]
[Black "Lanik, Miroslav"]
[Result "0-1"]
[WhiteElo "1846"]
[BlackElo "1871"]
[PlyCount "44"]
[EventDate "2010.??.??"]

1. e4 c5 2. Nf3 d6 3. d4 cxd4 4. Nxd4 Nf6 5. Nc3 a6 6. Be3 e5 7. Nf3 Qc7 8. h3
Be7 9. Be2 O-O 10. Qd2 Be6 11. Rd1 Nbd7 12. g4 Nc5 13. Ng5 Bd7 14. Nd5 Nxd5 15.
exd5 Bxg5 16. Bxg5 Ne4 17. Qe3 Nxg5 18. Qxg5 Qxc2 19. Bd3 Qxb2 20. Qh5 g6 21.
Qh6 f5 22. g5 Ba4 0-1

[Event "SR 4. liga A21 2010/2011"]
[Site "?"]
[Date "2010.11.21"]
[Round "4.6"]
[White "Palka, Martin"]
[Black "Kavon, Rastislav"]
[Result "1/2-1/2"]
[WhiteElo "1855"]
[BlackElo "1699"]
[PlyCount "53"]
[EventDate "2010.??.??"]

1. e4 d6 2. d4 Nf6 3. Nc3 g6 4. f3 Bg7 5. Be3 O-O 6. Qd2 c6 7. O-O-O b5 8. Bh6
a5 9. Bxg7 Kxg7 10. g4 b4 11. Nce2 Be6 12. Kb1 Bc4 13. h4 Qc7 14. b3 Bb5 15. h5
e6 16. hxg6 fxg6 17. Nf4 Re8 18. g5 Nfd7 19. Qh2 Nf8 20. Bh3 Kg8 21. Bg4 Qg7
22. Nd3 Bxd3 23. Rxd3 a4 24. Ne2 axb3 25. cxb3 Na6 26. f4 Nc7 27. Rf1 1/2-1/2

[Event "SR 4. liga A21 2010/2011"]
[Site "?"]
[Date "2010.12.05"]
[Round "5.1"]
[White "Beran, Jan st"]
[Black "Jarabek, Milan"]
[Result "1/2-1/2"]
[WhiteElo "1720"]
[BlackElo "1522"]
[PlyCount "84"]
[EventDate "2010.??.??"]

1. d4 Nf6 2. c4 g6 3. Nc3 d5 4. e3 Bg7 5. Nf3 O-O 6. Bd3 Bg4 7. h3 Be6 8. O-O
dxc4 9. Be2 a6 10. a4 c6 11. Ne5 Nd5 12. Nxc4 Nxc3 13. bxc3 Nd7 14. Nd2 c5 15.
Bf3 Rb8 16. Rb1 cxd4 17. cxd4 Nb6 18. Ba3 Nd5 19. Bxd5 Bxd5 20. Re1 Bc6 21. Bb4
Re8 22. a5 Qd5 23. Nf3 Qf5 24. Bc5 Bb5 25. Nd2 Bf8 26. Nf3 Qd3 27. Ne5 Qxd1 28.
Rexd1 f6 29. Nf3 e6 30. Rdc1 Bxc5 31. Rxc5 Rec8 32. Rbc1 Rxc5 33. Rxc5 Bc6 34.
Nd2 Bb5 35. f3 b6 36. axb6 Rxb6 37. Kf2 Rc6 38. Nb3 Rxc5 39. dxc5 Kf7 40. e4
Ke7 41. g3 Kd7 42. Na5 Bc6 1/2-1/2

[Event "SR 4. liga A21 2010/2011"]
[Site "?"]
[Date "2010.12.05"]
[Round "5.1"]
[White "Harasta, Juraj"]
[Black "Palka, Martin"]
[Result "1/2-1/2"]
[WhiteElo "1706"]
[BlackElo "1855"]
[PlyCount "105"]
[EventDate "2010.??.??"]

1. e4 c5 2. Nf3 d6 3. d4 cxd4 4. Nxd4 Nf6 5. f3 a6 6. Be2 Qb6 7. c4 Bd7 8. b3
Nc6 9. Be3 Qa5+ 10. Qd2 Qxd2+ 11. Nxd2 g6 12. O-O Bg7 13. Rab1 Nxe4 14. Nxc6
Nxd2 15. Bxd2 Bxc6 16. Rfe1 O-O 17. Bf1 Rfe8 18. Rbd1 d5 19. Bb4 e6 20. cxd5
exd5 21. Rc1 Bd4+ 22. Kh1 Rxe1 23. Rxe1 Re8 24. Rxe8+ Bxe8 25. Bd3 Kg7 26. Bd2
Kf6 27. g3 Ke6 28. Kg2 Bb5 29. Bxb5 axb5 30. Kf1 Bb6 31. Ke2 d4 32. Kd3 Kd5 33.
Bc1 Bc7 34. Bb2 Be5 35. Bc1 f5 36. Bh6 Bf6 37. h3 Be5 38. g4 fxg4 39. hxg4 Bg3
40. Ke2 Be5 41. Kd3 Bh2 42. Ke2 Bg1 43. Kd3 Ke5 44. Ke2 Be3 45. Bxe3 dxe3 46.
Kxe3 h5 47. f4+ Kd5 48. gxh5 gxh5 49. Kf3 Ke6 50. Kg3 Kf5 51. Kh4 Kxf4 52. Kxh5
b4 53. Kg6 1/2-1/2

[Event "SR 4. liga A21 2010/2011"]
[Site "?"]
[Date "2010.12.05"]
[Round "5.1"]
[White "Harasta, Marian"]
[Black "Beran, Jan ml"]
[Result "1/2-1/2"]
[WhiteElo "1663"]
[BlackElo "1896"]
[PlyCount "112"]
[EventDate "2010.??.??"]

1. d4 d5 2. c4 c5 3. dxc5 d4 4. e3 e5 5. Nf3 Nc6 6. Be2 Bxc5 7. O-O Nf6 8. a3
a5 9. Qa4 Bd7 10. Qc2 e4 11. Nxd4 Bxd4 12. exd4 Nxd4 13. Qd1 Nxe2+ 14. Qxe2 O-O
15. Nc3 Re8 16. Bg5 Bg4 17. Qxg4 Nxg4 18. Bxd8 Raxd8 19. Rfe1 f5 20. b4 axb4
21. axb4 Rd4 22. Nb5 Rd2 23. f3 Nf6 24. fxe4 Nxe4 25. Nc3 Rd4 26. Nxe4 fxe4 27.
Rac1 e3 28. b5 b6 29. c5 bxc5 30. Rxc5 Rb4 31. Rc3 e2 32. Rc2 g5 33. Rcxe2 Rxe2
34. Rxe2 Rxb5 35. g4 Kf7 36. Kg2 Kf6 37. Re3 Re5 38. Rf3+ Ke6 39. h4 h6 40.
hxg5 hxg5 41. Rf5 Rd5 42. Rxd5 Kxd5 43. Kf3 Kd4 44. Kf2 Ke4 45. Kg2 Kf4 46. Kf2
Kxg4 47. Kg2 Kh4 48. Kh2 Kg4 49. Kg2 Kf4 50. Kf2 g4 51. Kg2 g3 52. Kg1 Kg5 53.
Kg2 Kh4 54. Kg1 Kh3 55. Kh1 g2+ 56. Kg1 Kg3 1/2-1/2

[Event "SR 4. liga A21 2010/2011"]
[Site "?"]
[Date "2010.12.05"]
[Round "5.1"]
[White "Lanik, Miroslav"]
[Black "Berger, Patrik"]
[Result "1/2-1/2"]
[WhiteElo "1871"]
[BlackElo "1720"]
[PlyCount "37"]
[EventDate "2010.??.??"]

1. e4 e6 2. d4 d5 3. Nc3 Bb4 4. e5 c5 5. Bd2 Bxc3 6. Bxc3 cxd4 7. Bxd4 Ne7 8.
Bd3 Nbc6 9. Ne2 Qc7 10. f4 Nb4 11. Bb5+ Bd7 12. Bxd7+ Qxd7 13. Qd2 Qa4 14. b3
Qb5 15. a4 Qa5 16. O-O Rc8 17. Bc3 Qc5+ 18. Kh1 Nbc6 19. Bd4 1/2-1/2

[Event "SR 4. liga A21 2010/2011"]
[Site "?"]
[Date "2010.12.05"]
[Round "5.1"]
[White "Tokos, Rastislav"]
[Black "Harastova, Viera"]
[Result "1/2-1/2"]
[WhiteElo "1933"]
[BlackElo "1823"]
[PlyCount "109"]
[EventDate "2010.??.??"]

1. e4 e5 2. Nf3 Nc6 3. Bb5 Nf6 4. Nc3 d6 5. h3 Bd7 6. d4 a6 7. dxe5 Nxe5 8.
Bxd7+ Qxd7 9. Nxe5 dxe5 10. Qxd7+ Nxd7 11. Ke2 O-O-O 12. Rd1 Bc5 13. Be3 Bxe3
14. Kxe3 Nb6 15. b3 c6 16. h4 Rd7 17. Rxd7 Nxd7 18. Rd1 Rd8 19. g4 Nf6 20.
Rxd8+ Kxd8 21. g5 Nh5 22. Na4 Nf4 23. Kf3 Ne6 24. Kg4 g6 25. Nb6 Nd4 26. Nc4
Nxc2 27. Nxe5 Ke7 28. Nd3 a5 29. f4 Nb4 30. Nc5 b6 31. Na4 Nxa2 32. Nxb6 Nc1
33. f5 Nxb3 34. Kf4 Nc5 35. Ke3 a4 36. Nc4 gxf5 37. exf5 Nb7 38. Kd4 Nd6 39.
Ne3 a3 40. Kc3 a2 41. Kb2 Ne4 42. Kxa2 Ng3 43. Kb3 Kd6 44. Nc4+ Kd5 45. Nb6+
Ke5 46. f6 Kf5 47. Nd7 Ne4 48. Nf8 Nxg5 49. hxg5 Kxg5 50. Nxh7+ Kg6 51. Nf8+
Kxf6 52. Kc4 Ke5 53. Kc5 f5 54. Ng6+ Ke4 55. Kxc6 1/2-1/2

[Event "SR 4. liga A21 2010/2011"]
[Site "?"]
[Date "2010.12.05"]
[Round "5.2"]
[White "Hrubsa, Marian"]
[Black "Mackovic, Matus"]
[Result "0-1"]
[WhiteElo "1979"]
[BlackElo "1846"]
[PlyCount "56"]
[EventDate "2010.??.??"]

1. e4 c5 2. Nf3 d6 3. d4 cxd4 4. Nxd4 Nf6 5. Nc3 a6 6. Be2 e5 7. Nb3 Be6 8. O-O
Be7 9. Be3 O-O 10. f3 d5 11. exd5 Nxd5 12. Nxd5 Qxd5 13. Qe1 Nd7 14. Bd3 b5 15.
Be4 Qd6 16. Bxa8 Rxa8 17. Rd1 Qc7 18. Qf2 a5 19. a3 a4 20. Nc1 Rc8 21. c3 Nc5
22. Nd3 Nxd3 23. Rxd3 Bc4 24. Rfd1 Bxd3 25. Rxd3 Rd8 26. Bb6 Rxd3 27. Bxc7 Rd1+
28. Qf1 Bc5+ 0-1

[Event "SR 4. liga A21 2010/2011"]
[Site "?"]
[Date "2010.12.05"]
[Round "5.2"]
[White "Jablonicky, Boris"]
[Black "Kubik, Peter"]
[Result "0-1"]
[WhiteElo "1745"]
[BlackElo "1630"]
[PlyCount "52"]
[EventDate "2010.??.??"]

1. c4 Nf6 2. Nc3 e5 3. g3 Bc5 4. Bg2 O-O 5. Nf3 Nc6 6. O-O a6 7. d3 d6 8. a3 a5
9. Bd2 Be6 10. Na2 e4 11. Ng5 exd3 12. Nxe6 fxe6 13. Bxc6 bxc6 14. exd3 Rb8 15.
Rb1 a4 16. Qxa4 Ng4 17. Qxc6 Bxf2+ 18. Kg2 Qf6 19. b4 d5 20. Bf4 g5 21. cxd5
gxf4 22. Qxe6+ Qxe6 23. dxe6 fxg3 24. e7 Ne3+ 25. Kh3 Rf6 26. Kh4 g2+ 0-1

[Event "SR 4. liga A21 2010/2011"]
[Site "?"]
[Date "2010.12.05"]
[Round "5.2"]
[White "Jablonicky, Martin"]
[Black "Vepy, Ivan"]
[Result "0-1"]
[WhiteElo "1884"]
[BlackElo "1935"]
[PlyCount "94"]
[EventDate "2010.??.??"]

1. d4 Nf6 2. c4 e6 3. Nf3 d5 4. Nc3 Be7 5. Bf4 O-O 6. e3 b6 7. h3 Ba6 8. Rc1
Bxc4 9. Bxc4 dxc4 10. Nb5 Nd5 11. Rxc4 c6 12. Na3 Nxf4 13. exf4 Qd5 14. Qb3
Bxa3 15. bxa3 Nd7 16. O-O Rac8 17. Rfc1 Rfd8 18. R4c2 Qd6 19. Ne5 Nxe5 20. dxe5
Qd7 21. a4 h6 22. g3 Qb7 23. a5 Rd5 24. axb6 axb6 25. a4 Ra5 26. Qf3 Rd5 27.
Qb3 c5 28. a5 b5 29. Rb2 Rcd8 30. a6 Qa8 31. Rbb1 c4 32. Qa3 Qa7 33. Rc2 Rd3
34. Qa5 Rxg3+ 35. Kh2 Rgd3 36. Rxb5 Qd4 37. Qxd8+ Qxd8 38. a7 Rb3 39. Ra2 Qa8
40. Rc5 c3 41. Rc8+ Qxc8 42. a8=Q Rb8 43. Qe4 g6 44. Rc2 Qc5 45. Qd3 Rb2 46.
Qd8+ Kh7 47. Qf6 Qa7 0-1